Plastic Man no more! /
There's something very wrong with Plastic Man! Eel O'Brian might be a superhero now, but before he was anything else, he was a crook. Until the accident that turned him into the pliable Plastic Man, Eel was bad to the bone and just because he no longer has bones doesn't mean that'...
| Main Author: | |
|---|---|
| Other Authors: | , , , |
| Format: | Book |
| Language: | English |
| Published: |
Burbank, California :
DC Comics,
[2025].
©2025. |
| Subjects: |
MARC
| Tag | First Indicator | Second Indicator | Subfields |
|---|---|---|---|
| LEADER | 00000cam a2200000 i 4500 | ||
| 001 | in00005650121 | ||
| 008 | 240809t20252025caua 6 000 1 eng d | ||
| 005 | 20250722162256.7 | ||
| 035 | |a (OCoLC)on1445769089 | ||
| 040 | |a YDX |e rda |c YDX |d SDG |d SFR |d JCX |d TXA | ||
| 020 | |a 1799501019 | ||
| 020 | |a 9781799501015 | ||
| 035 | |a (OCoLC)1445769089 | ||
| 082 | 0 | |a 741.5/973 |2 23/eng/20250421 | |
| 090 | |a PN6728.P54 |b C36 2025 | ||
| 100 | 1 | |a Cantwell, Christopher, |e author. | |
| 245 | 1 | 0 | |a Plastic Man no more! / |c Christopher Cantwell, writer ; Alex Lins & Jacob Edgar, artists ; Marcelo Maiolo, colorist ; Becca Carey, letterer. |
| 260 | |a Burbank, California : |b DC Comics, |c [2025]. | ||
| 264 | 4 | |c ©2025. | |
| 300 | |a 1 volume (unpaged) : |b color illustrations ; |c 27 cm. | ||
| 336 | |a text |b txt |2 rdacontent | ||
| 336 | |a still image |b sti |2 rdacontent | ||
| 337 | |a unmediated |b n |2 rdamedia | ||
| 338 | |a volume |b nc |2 rdacarrier | ||
| 500 | |a "Originally published in single magazine form in Plastic Man no more! 1-4"--Title page verso. | ||
| 520 | |a There's something very wrong with Plastic Man! Eel O'Brian might be a superhero now, but before he was anything else, he was a crook. Until the accident that turned him into the pliable Plastic Man, Eel was bad to the bone and just because he no longer has bones doesn't mean that's not still true. When an incident on a Justice League mission leads to catastrophic cellular damage, Plastic Man discovers he just might be out of time to make amends for the past he's tried hard to outrun, or to save the soul of his son, who (unfortunately for him) might have inherited more from dear old Dad than just his superpowers. | ||
| 600 | 0 | 0 | |a Plastic Man |c (Fictitious character) |v Comic books, strips, etc. |
| 650 | 0 | |a Superheroes |v Comic books, strips, etc. | |
| 655 | 0 | |a Science fiction comic books, strips, etc. | |
| 700 | 1 | |a Lins, Alex, |e illustrator. | |
| 700 | 1 | |a Edgar, Jacob, |e illustrator. | |
| 700 | 1 | |a Maiolo, Marcelo, |e colorist. | |
| 700 | 1 | |a Carey, Becca, |e letterer. | |
| 948 | |h NO HOLDINGS IN TXA - 57 OTHER HOLDINGS | ||
| 994 | |a Z0 |b TXA | ||
| 999 | f | f | |s 73550219-023f-4e68-aa9a-200e969d4e94 |i 6a6be58e-3d9a-4e6c-8db4-248d20fc5ebe |t 0 |
| 952 | f | f | |p normal |a Texas A&M University |b College Station |c Sterling C. Evans Library |d Evans: Library Stacks |t 0 |e PN6728.P54 C36 2025 |h Library of Congress classification |i unmediated -- volume |m A14852715680 |
| 998 | f | f | |a PN6728.P54 C36 2025 |t 0 |l Evans: Library Stacks |